000
00300nam a2200109 4500
008
160629b xxu||||| |||| 00| 0 eng d
100
_9
1347
_a
Purang Y, P
245
_a
Laboratory Manual in Biology - XI
260
_a
N.D
_b
Arya
_c
2005
300
_a
Laboratory Manual in Biology - XI
942
_2
ddc
_c
BK
999
_c
1107
_d
1107